000 00614nam a2200193Ia 4500
005 20250507130304.0
008 008 250505s9999 xx 000 0 eng d
037 _aSeries Article
040 _aEASL
_beng
_cEASL
041 _aeng
_2eng
084 _qEASL
100 _aPeterson Glen
_9673883
245 0 _aSovereignty, international Law, and the uneven Development of the International Refugee Regime
260 _aUSA
_bNew York Cambridge University Press U.K
_c2015
300 _a439-468 Pp.
650 _aAsian Studies; Forum Article
_9755086
942 _cSRA
999 _c1318797
_d1318797